Reaching a settlement (Record no. 80686)

MARC details
000 -LEADER
fixed length control field 00970cab a22001935a 4500
001 - CONTROL NUMBER
control field L145041
008 - FIXED-LENGTH DATA ELEMENTS--GENERAL INFORMATION
fixed length control field 080902e20080822xxka f 000 0 eng d
035 ## - SYSTEM CONTROL NUMBER
System control number (Sirsi) u145041
041 0# - LANGUAGE CODE
Language code of text/sound track or separate title eng
110 2# - MAIN ENTRY--CORPORATE NAME
Corporate name or jurisdiction name as entry element Planning
9 (RLIN) 418
245 00 - TITLE STATEMENT
Title Reaching a settlement
260 ## - PUBLICATION, DISTRIBUTION, ETC.
Date of publication, distribution, etc. 2008
490 ## - SERIES STATEMENT
Series statement Planning
Volume/sequential designation (1783) 22 August 2008, 16-17(2)
520 ## - SUMMARY, ETC.
Summary, etc. Discusses mediation aimed at keeping planning arangements on track, with the authors saying that a reduction in formalised disputes should not be difficult to achieve. Advocates more intervention from the guidance and reccomends various areas for improvement, such as a revised costs circular or the speeding up of inquiries procedure rules for mediation in the planning process.
650 24 - SUBJECT ADDED ENTRY--TOPICAL TERM
Topical term or geographic name entry element BARKER REVIEW OF LAND USE PLANNING
651 #4 - SUBJECT ADDED ENTRY--GEOGRAPHIC NAME
Geographic name England and Wales
Chronological subdivision 1543-
690 ## - LOCAL SUBJECT ADDED ENTRY--TOPICAL TERM (OCLC, RLIN)
Topical term or geographic name as entry element MANAGEMENT-DISPUTE AVOIDANCE, MANAGEMENT AND RESOLUTION-DISPUTE MANAGEMENT AND RESOLUTION-ALTERNATIVE DISPUTE RESOLUTION
942 ## - ADDED ENTRY ELEMENTS (KOHA)
Suppress in OPAC 0
Holdings
Withdrawn status Lost status Source of classification or shelving scheme Damaged status Not for loan Home library Current library Shelving location Date acquired Total Checkouts Full call number Barcode Date last seen Copy number Price effective from Koha item type
    Dewey Decimal Classification     London London Journal article 02/09/2008   L145041 145041-1001 06/08/2019 1 06/08/2019 Journal article